000 01683nam a2200313 a 4500
001 BRCA_3028
005 20190320204056.0
008 200109s1754----fr-a---###---#000-0#fre-u
041 _afre
044 _afr
084 _a340
_b.D87
_c1754
100 1 _aCervantes Saavedra, Miguel de
_d1547-1616
_9213
245 1 0 _aHistoire de L´Admirable Don Quichotte de la Manche
_cMiguel de Cervantes Saavedra.
260 _aParís
_bDurand
_c1754
300 _a6 v.
_bil.
_c17 cm.
500 _aContenido : v 1. Primera parte. Advertencia del traductor. Texto. -- v 2. Texto. -- v 3. Segunda parte. Texto. -- v 4. Texto. -- v 5. Primera parte de la continuación del Quijote por el traductor. -- v 6. Seguunda parte de la continuación por el traductor
500 _aEdición :Traduite de l´Espagnol de Mizhel de Cervantes. Nouvelle edition revueé corrigée et augmentée
500 _aOtra edición de la versión francesa de Filleau de Saint-Martin, publicada por Durand. Se basa en la parisiense de 1732. Las láminas, dibujadas mayormente por Bonard, han sido grabadas por Cars, Mathey y Crepy, y presentan a D. Quijote y Sancho Panza afrancesados. Piel; lomeras adornadas con dorados Lúdovik Osterc
500 _aQM267
546 _aTexto en : francés
650 1 4 _aNovela española
_yÉpoca clásica, 1500-1700
_9215
650 1 4 _aLiteratura española
_yÉpoca clásica, 1500-1700
_9216
650 1 4 _aNovela española
_ySiglo XVII
_9217
650 1 4 _aDon Quijote (Personaje ficiticio)
_eNovela
_97592
700 1 _aSaint-Martin, Francois Filleau de
_d1632-1695
_eTraductor
_98324
740 0 _aEl Ingenioso Hidalgo Don Quijote de la Mancha
902 _aQFM
942 _2lcc
_cB
999 _c2764
_d2764